000 00393nam a2200145Ia 4500
008 240624s9999 xx 000 0 und d
041 _aeng
082 _a658 LAN
100 _aLANE HENRY W
245 _aINTERNATIONAL MANAGEMENT BEHAVIOR LEADING WITH A GLOBAL MI
250 _a(6th ed.)
260 _c2012
_aNew Delhi
_bWiley India
300 _axii, : 410 : p. : cm. ; 23
365 _cRS
_b31
999 _c20951
_d20951